[Event "Schwaben-ch"]
[Site "Sonthofen"]
[Date "2013.11.02"]
[Round "3.4"]
[White "Hahmann, Christian"]
[Black "Sonnberger, Julian"]
[Result "1-0"]
[WhiteElo "1755"]
[BlackElo "1332"]
[PlyCount "49"]
[EventDate "2013.11.01"]
[EventType "swiss"]
[EventRounds "6"]
[EventCountry "GER"]
[SourceTitle "EXT 2022"]
[Source "ChessBase"]
[SourceDate "2021.10.06"]
[SourceVersion "1"]
[SourceVersionDate "2021.10.06"]
[SourceQuality "1"]

1. Nf3 Nf6 2. g3 c6 3. Bg2 g6 4. b3 Bg7 5. Bb2 0-0 6. 0-0 d6 7. d4 Bf5 8. c4 Ne4 9. Nh4 c5 10. Nxf5 gxf5 11. e3 Nc6 12. Nc3 cxd4 13. Nxe4 fxe4 14. Bxe4 e5 15. Qh5 h6 16. Qf5 Re8 17. Qh7+ Kf8 18. f4 Qe7 19. Rae1 dxe3 20. Bd5 Nd8 21. fxe5 dxe5 22. Bc1 Ne6 23. Bxe3 Ng5 24. Bxg5 hxg5 25. Rxf7+ 1-0

[Event "Schwaben-ch"]
[Site "Sonthofen"]
[Date "2013.11.01"]
[Round "2.3"]
[White "Martin, Paul"]
[Black "Hahmann, Christian"]
[Result "1/2-1/2"]
[WhiteElo "1553"]
[BlackElo "1755"]
[PlyCount "41"]
[EventDate "2013.11.01"]
[EventType "swiss"]
[EventRounds "6"]
[EventCountry "GER"]
[SourceTitle "EXT 2022"]
[Source "ChessBase"]
[SourceDate "2021.10.06"]
[SourceVersion "1"]
[SourceVersionDate "2021.10.06"]
[SourceQuality "1"]

1. e4 e5 2. Nf3 Nc6 3. Nc3 Nf6 4. d4 exd4 5. Nxd4 Bb4 6. Nxc6 bxc6 7. Bd3 d5 8. exd5 cxd5 9. 0-0 0-0 10. Bg5 c6 11. Qf3 Bd6 12. Bxf6 Qxf6 13. Qxf6 gxf6 14. Ne2 Rb8 15. b3 Re8 16. Nd4 Bd7 17. Nf5 Bb4 18. Nh6+ Kg7 19. Nf5+ Bxf5 20. Bxf5 Re5 21. Bg4 1/2-1/2